Engineering thermodynamics (Record no. 4369)

000 -LEADER
fixed length control field 00584nam a22002177a 4500
001 - CONTROL NUMBER
control field 4369
003 - CONTROL NUMBER IDENTIFIER
control field BD-DhUET
008 - FIXED-LENGTH DATA ELEMENTS--GENERAL INFORMATION
fixed length control field 141115b xxu||||| |||| 00| 0 eng d
020 ## - INTERNATIONAL STANDARD BOOK NUMBER
International Standard Book Number 0582407265
040 ## - CATALOGING SOURCE
Original cataloging agency DLC
Language of cataloging DLC
Transcribing agency 0
Modifying agency BD-DhUET
082 ## - DEWEY DECIMAL CLASSIFICATION NUMBER
Item number ROG/1980
Classification number 621.01
100 ## - MAIN ENTRY--PERSONAL NAME
Personal name Rogers, G.F.C.
245 ## - TITLE STATEMENT
Title Engineering thermodynamics
Remainder of title work and heat transfer
250 ## - EDITION STATEMENT
Edition statement 3rd ed.
260 ## - PUBLICATION, DISTRIBUTION, ETC. (IMPRINT)
Place of publication, distribution, etc. Essex
Name of publisher, distributor, etc. English Language Books Society
Date of publication, distribution, etc. 1980
300 ## - PHYSICAL DESCRIPTION
Extent xvi,667p.
504 ## - BIBLIOGRAPHY, ETC. NOTE
Bibliography, etc Includes bibliographies
650 #0 - SUBJECT ADDED ENTRY--TOPICAL TERM
Topical term or geographic name as entry element Thermodynamics-Engineering
700 ## - ADDED ENTRY--PERSONAL NAME
Personal name Mayhew, Y. R.
942 ## - ADDED ENTRY ELEMENTS (KOHA)
Koha item type General Book
Holdings
Source of classification or shelving scheme Piece designation (barcode) Not for loan Koha date last seen Koha full call number Koha item type Sublocation or collection (holding branch) Koha normalized classification for sorting Damaged status Withdrawn status Copy number Location (home branch) Date acquired Koha date last borrowed Shelving location Lost status Koha issues (times borrowed) Price effective from
 68584 2018-09-15621.01/ROG/1980General BookCentral Library, BUET621_010000000000000_ROG_1980  1Central Library, BUET2014-11-152018-04-21Circulation section 12014-11-15
 67907 2014-11-29621.01/ROG/1980General BookCentral Library, BUET621_010000000000000_ROG_1980  2Central Library, BUET2014-11-29 Circulation section  2014-11-29
 67906 2015-01-21621.01/ROG/1980General BookCentral Library, BUET621_010000000000000_ROG_1980  3Central Library, BUET2015-01-21 Circulation section  2015-01-21
 68583 2018-10-14621.01/ROG/1980General BookCentral Library, BUET621_010000000000000_ROG_1980  4Central Library, BUET2015-04-182018-09-15Circulation section 12015-04-18
 67905 2015-04-18621.01/ROG/1980General BookCentral Library, BUET621_010000000000000_ROG_1980  5Central Library, BUET2015-04-18 Circulation section  2015-04-18